00622nam a2200157 i 450000100060000000300090000600500170001500700030003200800410003510000200007624501720009626000530026830000390032171100700036085200340043074977ES-MaACL20230906172315.0t|040921s1954 sp ||||1| spa d1 aGonzalo, Justo.14aLas funciones cerebrales humanas según nuevos datos y bases fisiológicasb: ponencia del IV Congreso Nacional de Neuro-Psiquiatría, Madrid 1954 /cJusto Gonzalo. aMadrid : b[s.n., c1954] (fJosé Luis Cosano) a57 p., 1 lám. : bil. ; c24 cm.2 aCongreso Nacional de Neuropsiquiatría (n4º. d1954. cMadrid) aES-MaACLj1970-F-18 bR.36706